000 00339nam a2200145Ia 4500
008 220216s9999 xx 000 0 und d
100 _aJoseph Phebe
245 0 _aPlanting of rubber
260 _bRubber Board Bulletin
_c2013
300 _a22-25
650 _aClones
650 _aPlanting method
700 _aJessy
_BM D
942 _cJS
999 _c65166
_d65166